Mujeres en la alta dirección en España (Registro nro. 45991)
[ vista simple ]
| 000 -CABECERA | |
|---|---|
| Longitud fija campo de control | 00951naa a2200253 c 4500 |
| 001 - NÚMERO DE CONTROL | |
| Número de control | 45991 |
| 003 - IDENTIFICADOR DE NÚMERO DE CONTROL | |
| Identificador del número de control | ES-MaCES |
| 005 - FECHA Y HORA DE LA ÚLTIMA TRANSACCIÓN | |
| Fecha y hora de la última transacción | 20150618122614.0 |
| 008 - CAMPO FIJO DE DESCRIPCIÓN FIJA--INFORMACIÓN GENERAL | |
| Códigos de información de longitud fija | 150618s2015 sp ||||| t||||||| ||spa d |
| 040 ## - FUENTE DE CATALOGACIÓN | |
| Centro catalogador de origen | ES-MaCES |
| Lengua de catalogación | spa |
| Centro transcriptor | ES-MaCES |
| Centro modificado | ES-MaCES |
| 100 1# - ENCABEZAMIENTO PRINCIPAL--NOMBRE PERSONAL | |
| 9 (RLIN) | 35780 |
| Nombre de persona | Cabanas Ansorena, Custodia |
| 245 10 - MENCIÓN DE TÍTULO | |
| Título | Mujeres en la alta dirección en España |
| Mención de responsabilidad, etc. | Custodia Cabanas Ansorena |
| 650 #4 - ASIENTO SECUNDARIO DE MATERIA--TÉRMINO DE MATERIA | |
| 9 (RLIN) | 28657 |
| Término de materia o nombre geográfico como elemento inicial | mujeres |
| 650 #4 - ASIENTO SECUNDARIO DE MATERIA--TÉRMINO DE MATERIA | |
| 9 (RLIN) | 27183 |
| Término de materia o nombre geográfico como elemento inicial | igualdad de oportunidades |
| 650 #4 - ASIENTO SECUNDARIO DE MATERIA--TÉRMINO DE MATERIA | |
| 9 (RLIN) | 29521 |
| Término de materia o nombre geográfico como elemento inicial | discriminación por razones de sexo |
| 650 #4 - ASIENTO SECUNDARIO DE MATERIA--TÉRMINO DE MATERIA | |
| 9 (RLIN) | 30600 |
| Término de materia o nombre geográfico como elemento inicial | poder empresarial |
| 650 #4 - ASIENTO SECUNDARIO DE MATERIA--TÉRMINO DE MATERIA | |
| 9 (RLIN) | 27293 |
| Término de materia o nombre geográfico como elemento inicial | liderazgo |
| 650 #4 - ASIENTO SECUNDARIO DE MATERIA--TÉRMINO DE MATERIA | |
| 9 (RLIN) | 30610 |
| Término de materia o nombre geográfico como elemento inicial | potenciación de las mujeres |
| 650 #4 - ASIENTO SECUNDARIO DE MATERIA--TÉRMINO DE MATERIA | |
| 9 (RLIN) | 26964 |
| Término de materia o nombre geográfico como elemento inicial | España |
| 653 10 - TÉRMINO DE INDEXACIÓN--NO CONTROLADO | |
| Término no controlado | Mujer |
| 773 0# - ENTRADA DE DOCUMENTO FUENTE | |
| Itemnumber del ítem fuente | 82884 |
| Lugar, editor y fecha de publicación | Madrid (Padilla, 6, 28006) Estudios de Política Exterior 1997- |
| Otro identificador del documento | 085788 |
| Título | Economía exterior |
| Número de control del registro relacionado | (ES-MaCES)25630 |
| Parte(s) relacionada(s) | n. 72 (primavera 2015) {10625 R. 085788} ;p. 87-97 |
| 902 ## - CES. TIPO DE DOCUMENTO | |
| Tipodoc (006$c Sirtex) | ART Artículo de revista |
| 942 ## - ELEMENTOS KOHA | |
| Fuente de clasificaión o esquema | Clasificación propia del CES |
| Koha [por defecto] tipo de item | Artículos (1982-2017) |
| Parte de clasificación | Asuntos Sociales |
No hay ítems disponibles.
